| 000 | 00857nam a2200253Ia 4500 | ||
|---|---|---|---|
| 001 | 495 | ||
| 003 | AR-BaAGN | ||
| 005 | 20241230124008.0 | ||
| 007 | ta | ||
| 008 | 211206s9999 xx 000 0 spa d | ||
| 040 |
_aAR-BaAGN _bspa _eaacr |
||
| 100 | 1 | _aMéndez, Miguel G. | |
| 245 | 1 | 0 | _aDiscurso al inaugurarse el busto del general Bartolomé Mitre en Esteban Echeverría. |
| 260 |
_aBuenos Aires : _b[editor no identificado], _c1927. |
||
| 300 | _a1 volumen | ||
| 336 |
_2rdacontent _btxt |
||
| 337 |
_2rdamedia _bn |
||
| 338 |
_2rdacarrier _bnc |
||
| 500 | _aContenido folletos | ||
| 600 | 1 | 4 |
_aMitre, Bartolomé, _d1821-1906 _94481 |
| 651 | 4 |
_aEsteban Echeverría (Buenos Aires [Provincia]) _95112 |
|
| 773 | 0 | 8 |
_0492 _927263 _oJJB-693 _tNuestros derechos territoriales _g(Número 4 de 10 obras encuadernadas juntas) _iEncuadernado con: |
| 942 |
_cLIBRO _2ddc |
||
| 999 |
_c495 _d495 |
||